000
002930000a22000970004500
100
1
_a
Watson, Francis
245
1
0
_a
Bible, theology and the university : A response to Philip Davies
300
_a
Núm 71 (1996), Páginas 3-16
773
0
_t
Journal for the Study of the Old Testament
942
_c
ANA
999
_c
54884
_d
54884